000
00261pam a2200121 a 4500
020
_c
041
_a
eng
100
_a
Bennett Arnaid.
245
_a
Library Test
_h
Textual Documents
260
_a
New York
_b
Penguin Books Ltd
300
_a
184p.
930
_a
15190
999
_c
92090
_d
92090